|
|
|
|
| LEADER |
00000nas a22000001a 4500 |
| 001 |
vtls010301550 |
| 003 |
SK-MaSNL |
| 005 |
20260228161600.0 |
| 008 |
110810d19531953xo u p r 0 b0hun |
| 015 |
|
|
|a SNBDS17XX9999
|
| 015 |
|
|
|a 0672
|2 Balúnová 1945-60
|
| 038 |
|
|
|a SNKBUDS
|
| 040 |
|
|
|a SNK
|b slo
|c SNK
|e AACR2
|
| 041 |
0 |
|
|a slo
|
| 044 |
|
|
|a xo
|c SK
|
| 080 |
|
|
|a 63
|2 2001
|
| 245 |
0 |
2 |
|a A Magas Terméshozamokért, Magas Hasznosságért
|b A Földművelésügyi Megbízotti Hivatal röplapja
|
| 250 |
|
|
|a Maďarská mutácia
|
| 260 |
|
|
|a Bratislava
|b Povereníctvo pôdohospodárstva
|b Štátne pôdohospodárske nakladateľstvo
|c 1953
|
| 300 |
|
|
|a 1 roč.
|c 22 x 32 cm
|
| 310 |
|
|
|a Periodicita sa nedá určiť
|
| 362 |
0 |
|
|a Č. 1 (1953)-č. 51 (1953)
|
| 500 |
|
|
|a Vych. v Bratislave nepravidelne
|
| 500 |
|
|
|a Vyd. Povereníctvo pôdohospodárstva v Štátnom pôdohospodárskom nakladateľstve v Prahe, záv. v Bratislave
|
| 500 |
|
|
|a Tlač. Merkantilné tlačiarne, zákl. záv. v Bratislave
|
| 500 |
|
|
|a Maďarská mutácia časopisu Za vysoké výnosy, za vysokú úžitkovosť. Od r. 1954 vychádzal pod názvom Magas Hozamokért, Nagy Termelékenységért
|
| 505 |
8 |
0 |
|g Roč. 1953 51 č. po 2-4 s.
|
| 650 |
0 |
7 |
|a poľnohospodárstvo
|2 SNKPH
|9 679
|
| 655 |
|
7 |
|a odborné časopisy
|2 SNKBUDS
|9 70505
|
| 710 |
1 |
|
|a Slovensko (Československo).
|b Povereníctvo pôdohospodárstva
|9 196338
|
| 710 |
2 |
|
|a Štátne pôdohospodárske nakladateľstvo (Praha, Česko)
|b závod Bratislava
|e vydav.
|9 268962
|
| 710 |
2 |
|
|a Merkantilné tlačiarne, n.p. (Bratislava, Slovensko)
|e tlač.
|9 268817
|
| 775 |
0 |
|
|t Za vysoké výnosy, za vysokú úžitkovosť
|
| 785 |
0 |
0 |
|t Magas Hozamokért, Nagy Termelékenységért
|
| 852 |
|
|
|a SNK
|b 10000
|h ČSB 1436
|
| 852 |
|
|
|a SVKKK
|b 900000
|h C 281
|
| 999 |
|
|
|c 5763
|d 7693
|